[Event "COL-ch U10 Girls"]
[Site "Fusagasuga"]
[Date "2019.06.29"]
[Round "6"]
[White "Moreno Otavo, Stephany"]
[Black "Rodriguez Bernal, Lucy Angelina"]
[Result "0-1"]
[WhiteElo "1401"]
[BlackElo "1366"]
[PlyCount "46"]
[EventDate "2019.06.26"]
[EventType "tourn"]
[EventRounds "9"]
[EventCountry "COL"]
[SourceTitle "CBM 191 Extra"]
[Source "ChessBase"]
[SourceDate "2019.09.30"]
[SourceVersion "1"]
[SourceVersionDate "2019.09.30"]
[SourceQuality "1"]

1. e4 e6 2. Nf3 d5 3. Nc3 Bb4 4. Bd3 c5 5. Be2 Nc6 6. d3 dxe4 7. Bg5 f6 8. Be3 exf3 9. Bxf3 Bxc3+ 10. bxc3 Qa5 11. 0-0 Qxc3 12. Bd2 Qd4 13. Be3 Qd6 14. Qd2 Ne5 15. Qa5 Nxf3+ 16. gxf3 b6 17. Qc3 Bb7 18. Rae1 Bxf3 19. Qa3 Qd5 20. Qa4+ Kf7 21. Rc1 Qh5 22. Rfd1 Qh3 23. Qd7+ Ne7 0-1

[Event "COL-ch U10 Girls"]
[Site "Fusagasuga"]
[Date "2019.06.27"]
[Round "3"]
[White "Grisales Hoyos, Isabella"]
[Black "Moreno Otavo, Stephany"]
[Result "1-0"]
[WhiteElo "1282"]
[BlackElo "1401"]
[PlyCount "89"]
[EventDate "2019.06.26"]
[EventType "tourn"]
[EventRounds "9"]
[EventCountry "COL"]
[SourceTitle "CBM 191 Extra"]
[Source "ChessBase"]
[SourceDate "2019.09.30"]
[SourceVersion "1"]
[SourceVersionDate "2019.09.30"]
[SourceQuality "1"]

1. e4 c5 2. Nf3 d6 3. Bb5+ Nc6 4. 0-0 Nf6 5. Nc3 g6 6. h3 Bg7 7. d3 0-0 8. Be3 Nh5 9. Qd2 f5 10. exf5 Bxf5 11. Qe2 Qd7 12. Rfe1 Rf6 13. g4 Bxg4 14. hxg4 Qxg4+ 15. Kf1 Qh3+ 16. Kg1 Rxf3 17. Bc4+ Kf8 18. Be6 Be5 19. Bxh3 Rxh3 20. Qg4 Bh2+ 21. Kf1 Nf6 22. Qxh3 Be5 23. Ke2 Kf7 24. Rf1 b6 25. a3 e6 26. Rfb1 a6 27. Qf3 Rg8 28. Qxc6 Rb8 29. Qc7+ Kf8 30. Qxb8+ Kf7 31. Qxb6 Ng4 32. Qxa6 Kf6 33. Rg1 Nh2 34. a4 d5 35. Bxc5 d4 36. Ne4+ Kf5 37. Ng3+ Kf6 38. a5 g5 39. Qc6 g4 40. a6 h5 41. Nxh5+ Kf5 42. a7 Nf3 43. Qe4+ Kg5 44. Rxg4+ Kxh5 45. Qg6# 1-0